NF - If you want love Lyrics - Statistics

General Stats
  • This quiz has been taken 62 times
  • The average score is 225 of 289
Answer Stats
Answer % Correct
go
100%
have
100%
I
100%
If
100%
if
100%
love,
100%
love
100%
the
100%
The
100%
to
100%
want
100%
when
100%
you
100%
pain
97%
through
97%
so
94%
some
94%
a
91%
me
91%
gon'
88%
how
82%
in
82%
In
82%
my
82%
that
82%
time,
82%
time
82%
change
79%
give
79%
on
79%
all
76%
away
76%
learn
76%
own
76%
think
76%
trust,
76%
we
76%
I'm
73%
need
73%
told
73%
wish
73%
and
70%
And
70%
But
70%
it
70%
somebody
70%
what
70%
as
67%
day
67%
just
67%
kid
67%
like
67%
make
67%
say
67%
say?
67%
sometimes
67%
Talk
67%
with
67%
ain't
64%
feel
64%
I'll
64%
of
64%
"okay, "
64%
tell
64%
used
64%
Yeah
64%
Yeah,
64%
always
61%
ask
61%
back
61%
Back
61%
doin',
61%
head,
61%
moment
61%
old
61%
one
61%
straight
61%
Talkin'
61%
that's
61%
voices
61%
where
61%
hold
58%
is
58%
kids
58%
sit
58%
slow,
58%
slow
58%
space
58%
twice
58%
up
58%
was
58%
doesn't
55%
'em…
55%
end
55%
feels
55%
get,
55%
it's
55%
life
55%
living
55%
momma
55%
right
55%
room
55%
wonder
55%
because
52%
bus
52%
by
52%
control
52%
days
52%
eyes
52%
laugh
52%
Look
52%
ride
52%
save
52%
small,
52%
Tellin'
52%
they
52%
thought
52%
tryna
52%
wake
52%
window
52%
world
52%
wrong
52%
about
48%
closed
48%
controls
48%
I've
48%
Maybe
48%
mean
48%
moving
48%
older
48%
out
48%
past
48%
scared
48%
tried
48%
while
48%
why
48%
woulda
48%
conversations
45%
present
45%
watch
45%
controllin'
42%
pointless
42%
rock
42%
things
42%
No matching quizzes found
Score Distribution
Percent of People with Each Score
Percentile by Number Answered
Your Score History
You have not taken this quiz